WWE Pay-Per-View (PPV) Main Events - 2002 - Statistics

General Stats
  • This quiz has been taken 826 times
    666 since last reset
  • The average score is 13 of 14
Answer Stats
PPV Answer % Correct
Survivor Series, Armageddon Shawn Michaels
99%
Vengeance, SummerSlam The Rock
99%
Royal Rumble, WrestleMania X-8, Backlash, Insurrextion, King of the Ring, Survivor Series, Armageddon Triple H
99%
No Way Out, WrestleMania X-8, Survivor Series Chris Jericho
98%
Insurrextion, Judgment Day, King of the Ring, Vengeance, Unforgiven, No Mercy The Undertaker
98%
SummerSlam, Unforgiven, No Mercy, Rebellion Brock Lesnar
96%
Vengeance Kurt Angle
96%
Survivor Series Kane
95%
No Way Out Stone Cold Steve Austin
95%
Survivor Series Booker T
88%
Survivor Series Rob Van Dam
87%
Backlash, Judgment Day Hollywood Hulk Hogan
83%
Rebellion Edge
76%
Rebellion Paul Heyman
64%
No matching quizzes found
Score Distribution
Percent of People with Each Score
Percentile by Number Answered
Your Score History
You have not taken this quiz since the last reset